000 00447nam a22001697a 4500
005 20251108164227.0
008 250721s1992 xx 000 0 ara d
082 1 4 _a618.2/كيا
100 1 _aالكيالي، نزيه
245 1 0 _aدليل الحمل و الولادة /
264 1 _aعمان :
_bدار الفارس،
_c1992.
300 _a160ص.
650 1 7 _aالحمل
650 1 7 _aالولادة
942 _2ddc
_cBK
999 _c6863
_d6863